Vista normal
Vista MARC
Entrada Materia (personas)
Número de registros utilizados en: 1
001 - CONTROL NUMBER
- control field: 179288
003 - CONTROL NUMBER IDENTIFIER
- control field: Co-BoUCM
005 - DATE AND TIME OF LATEST TRANSACTION
- control field: 20231123130504.0
008 - FIXED-LENGTH DATA ELEMENTS
- fixed length control field: 231123|| aca||aabn | a|a d
040 ## - CATALOGING SOURCE
- Original cataloging agency: Co-BoUCM
- Transcribing agency: Co-BoUCM
100 ## - HEADING--PERSONAL NAME
- Personal name: Gautier, Paul
- Dates associated with a name: 1931-1983
670 ## - SOURCE DATA FOUND
- Source citation: Work cat.: (Co-BoUCM): Gautier, Paul 1931-1983, Anthologie de l’Académie Française., 1921